Principios de derecho internacional público.

Guardat en:
Dades bibliogràfiques
Autor principal: Kelsen, Hans (autor)
Format: Llibre
Publicat: Buenos Aires, Argentina: El Ateneo, 1965.
Matèries:
Etiquetes: Afegir etiqueta
Sense etiquetes, Sigues el primer a etiquetar aquest registre!

MARC

LEADER 00000nam a22000007a 4500
003 CL-VaPUC
005 20220822114615.0
008 220713t1965 ||||| |||| 00| 0 eng d
999 |c 436979  |d 436977 
040 |c Pontificia Universidad Católica de Valparaíso 
082 7 |a 341.1 KEL 1965  |2 22 
100 1 |a Kelsen, Hans  |e autor  |9 872789 
245 |a Principios de derecho internacional público. 
260 |a Buenos Aires, Argentina:  |b El Ateneo,   |c 1965. 
300 |a 397 páginas. 
500 |a c.1 Donación Familia Prof. Alejandro Guzmán Brito. 
583 |c 20220713  |k Cristina María Rojas Aguilar 
650 |a Derecho internacional  |x Naturaleza  |9 872790 
650 |a Derecho nacional  |9 452646 
942 |2 ddc  |c BK  |n 0 
952 |0 0  |1 0  |2 ddc  |4 0  |6 341_100000000000000_KEL_1965  |7 0  |8 C_AGB  |9 584714  |a BIBDER  |b BIBDER  |d 2022-07-13  |e Donación   |i 5652775  |o 341.1 KEL 1965  |p 5652775  |r 2023-01-25  |t 1  |w 2022-07-13  |y BK_US  |k AGB